Largest Towns in Jönköping - Statistics

General Stats
  • This quiz has been taken 26 times
  • The average score is 7 of 20
Answer Stats
Population Town % Correct
101,440 Jönköping
100%
18,479 Nässjö
60%
19,822 Värnamo
60%
5,613 Vaggeryd
55%
11,023 Eksjö
50%
13,674 Vetlanda
50%
14,789 Tranås
45%
8,753 Habo
35%
8,838 Bankeryd
30%
4,474 Gnosjö
30%
5,755 Mullsjö
30%
5,605 Sävsjö
30%
4,279 Skillingaryd
30%
10,269 Gislaved
25%
3,668 Aneby
15%
4,560 Smålandsstenar
15%
4,535 Taberg
15%
3,150 Tenhult
15%
5,202 Anderstorp
10%
2,924 Barnarp-Odensjö
10%
No matching quizzes found
Score Distribution
Percent of People with Each Score
Percentile by Number Answered
Your Score History
You have not taken this quiz